Vista normal Vista MARC

Entrada Corporate Name

Número de registros utilizados en: 2

001 - CONTROL NUMBER

  • control field: 9617

003 - CONTROL NUMBER IDENTIFIER

  • control field: OSt

005 - DATE AND TIME OF LATEST TRANSACTION

  • control field: 20200902115552.0

008 - FIXED-LENGTH DATA ELEMENTS

  • fixed length control field: 200902|| aca||aabn | a|a d

040 ## - CATALOGING SOURCE

  • Original cataloging agency: OSt
  • Transcribing agency: OSt

110 ## - HEADING--CORPORATE NAME

  • Corporate name or jurisdiction name as entry element: Colombia.
  • Subordinate unit: Departamento Nacional de Planeación
  • Subordinate unit: Dirección de Desarrollo Territorial

670 ## - SOURCE DATA FOUND

  • Source citation: Work cat.: (OSt)4245: Colombia. Departamento Nacional de Planeación Dirección de Desarrollo Territorial, Técnicas para el análisis de la gestión financiera de las entidades territoriales / , 2008